000 01012nam a2200193 a 4500
001 000042494
005 20201002040206.0
008 131204s1973 ve 000 0 spa d
040 _aDO-SdBNP
_bspa
_cBNPHU
082 _axxx
_bxxx
100 1 _aPlaza, Salvador de la
_929670
245 1 0 _aAntecedentes del revisionismo en Venezuela /
_cSalvador de la Plaza, Jacques Duclos.
260 _aCaracas, Venezuela :
_bSalvador de la Plaza,
_c1973.
300 _a187 p. ;
_c21 cm.
490 1 _aIdeología
505 0 _aIntroducción --
_tSalvador de la Plaza --
_tLa Revolución Venezolana y la estraegia revolucionaria --
_tDeclaraciones de principios programáticos del Partido Revolucionario de Proletariado (Comunista) --
_tContribución a la unidad del movimiento comunista.--
_tApuntes para contribuir a guiar el estudio del revisionismo del marxismo en Venezuela --
_rDuclos, J.
_tSobre la disolución del Partido Comunista de los Estados Unidos --
700 1 2 _aDuclos, Jacques
_969690
830 0 _aIdeología
_952478
999 _c41983
_d41983